| 000 | 02041cam a2200349 i 4500 | ||
|---|---|---|---|
| 999 |
_c3351 _d3351 |
||
| 001 | 005516910 | ||
| 003 | OCoLC | ||
| 005 | 20231120095343.0 | ||
| 008 | 141001t20122011nyu 000 1 eng | ||
| 010 | _a2010036696 | ||
| 020 | _a9780525951988 | ||
| 020 | _a0525951989 | ||
| 020 | _a9781409120537 | ||
| 035 | _a(OCoLC)891743180 | ||
| 040 |
_aBAT _beng _erda _cBAT _dBAT _dOCLCF _dTNH _dI8M _dOCLCO _dGL3 _dOCL _dSHM _dNZEPN _dSFR _dTHN _dOCLCQ _dMZ3 _dKH8 |
||
| 042 | _anbic | ||
| 082 | _aFIC ROW | ||
| 100 | 1 |
_aRowell, Rainbow. _eauthor. |
|
| 245 | 1 | 0 |
_aAttachments / _cRainbow Rowell. |
| 264 | 1 |
_aNew York : _bDutton, _c2012, ©2011. |
|
| 264 | 4 | _c©2011. | |
| 300 |
_a323 pages ; _c24 cm. |
||
| 336 |
_atext _btxt _2rdacontent. |
||
| 337 |
_aunmediated _bn _2rdamedia. |
||
| 338 |
_avolume _bnc _2rdacarrier. |
||
| 520 | _aBeth and Jennifer know their company monitors their office e-mail, but they still spend all day sending each other messages, gossiping about their coworkers at the newspaper and baring their personal lives like an open book. When Lincoln applied to be an Internet security officer, he hardly imagined he'd be sifting through other people's inboxes like some sort of electronic Peeping Tom. Lincoln is supposed to turn people in for misusing company e-mail, but he can't bring himself to crack down on Beth and Jennifer. He can't help but be entertained and captivated by their stories. But by the time Lincoln realizes he's falling for Beth, it's way too late for him to ever introduce himself. After a series of close encounters and missed connections, Lincoln decides it's time to muster the courage to follow his heart, even if he can't see exactly where it's leading him. This story is about falling in love with the person who makes you feel like the best version of yourself, even it is someone you have never met. | ||
| 650 | 0 |
_aMan-woman relationships _vFiction. |
|
| 650 | 0 |
_aNewspaper editors _vFiction. |
|
| 650 | 0 |
_aElectronic mail messages _vFiction. |
|
| 650 | 1 |
_aAnxiety _vFiction. |
|
| 942 |
_2ddc _cFIC |
||